| 000 | 00811nam a2200241 i 4500 | ||
|---|---|---|---|
| 001 | bgj | ||
| 245 | 0 |
_aEveryday American English dictionary / _ceditor Richard A. Spears, Associate editor Linda Schinke-Llano, Consulting editor Betty Kirkpatrick. |
|
| 260 |
_aLincolnwood, Il : _bNational Textbook Company, _c1986. |
||
| 300 |
_aXIII, 389 pp. ; _c20 cm. |
||
| 650 | 9 |
_aEnglish Language _zUnited States |
|
| 650 | 9 | _aEnglish Language | |
| 655 | _aTextbooks for foreigners | ||
| 655 | _aDictionaries | ||
| 700 | 1 |
_aSPEARS, Richard A. _eeditor |
|
| 700 | 1 |
_aSCHINKE-LLANO, Linda. _eassociate editor |
|
| 700 | 1 |
_aKIRKPATRICK, Betty. _econsulting editor |
|
| 020 | _a0832503398 | ||
| 040 | _cBPK | ||
| 041 | 0 | _aeng | |
| 920 | _a0-8325-0339-8 | ||
| 942 | _cKS | ||
| 008 | s uk f |000 0 eng | ||
| 999 |
_c47433 _d47433 |
||
| 856 |
_uhttp://koha.tu.koszalin.pl/cgi-bin/koha/opac-detail.pl?biblionumber=47433 _yKatalog online BPK |
||